YY's General Knowledge - Multiple Choice #8 - Statistics

General Stats
  • This quiz has been taken 758 times
  • The average score is 6 of 15
Answer Stats
Question Answer % Correct
George Best Airport serves which UK city ? Belfast
77%
Mparntwe is the indigenous name for which Australian town ? Alice Springs
61%
The "Darwin Awards" are tongue in cheek awards given for what acheivement ? Killing oneself through stupidity
61%
Until its extinction in 1662, the Dodo was endemic to which island nation ? Mauritius
61%
Until his death in 1986, Phil Lynott was the lead singer and bass guitarist of which band ? Thin Lizzy
58%
Grytviken on the British Overseas Territory of South Georgia was once the largest centre of which industry ? Whaling
55%
According to the 1958 film what was "Ice Cold in Alex" ? Beer
48%
Besides his acting career, Omar Sharif was a world class player of which game ? Bridge
39%
The play "A Streetcar named Desire" by Tennessee Williams is set in which US city ? New Orleans
39%
Roughly how many known species of bees are there ? 16,000
35%
Pizza Hut has over 18 thousand outlets worldwide, but where was the first ? Wichita, Kansas
26%
What make of car did James Dean hit in his Porsche during his fatal crash ? 1950 Ford
23%
The 9th Governor of Alaska, Sarah Palin, was born in which US state ? Idaho
16%
Nickleback wants a star on Hollywoods Walk of Fame between James Dean and which other star ? Cher
6%
The RMD Canal helps to connect the North Sea with which body of water ? Black Sea
0%
No matching quizzes found
Score Distribution
Percent of People with Each Score
Percentile by Number Answered
Your Score History
You have not taken this quiz